<?xml version="1.0" encoding="UTF-8"?>
<collection xmlns="http://www.loc.gov/MARC21/slim">
  <record>
    <leader>00000nam  2200000   4500</leader>
    <controlfield tag="001">INLIS000000000014666</controlfield>
    <controlfield tag="005">20220929102244</controlfield>
    <datafield tag="035" ind1="#" ind2="#">
      <subfield code="a">0010-0922001428</subfield>
    </datafield>
    <controlfield tag="001">INLIS000000000014664</controlfield>
    <controlfield tag="005">20220929101224</controlfield>
    <datafield tag="035" ind1="#" ind2="#">
      <subfield code="a">0010-0922001427</subfield>
    </datafield>
    <datafield tag="035" ind1="#" ind2="#">
      <subfield code="a">0010-0922001426</subfield>
    </datafield>
    <datafield tag="245" ind1="1" ind2="#">
      <subfield code="a">Pemanfaatan Geographic Information System (GIS) dalam Pemantauan dan Evaluasi Pelanggaran Bangunan Terhadap Garis Sempadan Sungai (GSS) Dinas Pekerjaan Umum dan Penataan Ruang Kota Bontang /</subfield>
      <subfield code="c">Desy Tri Susanti, S.T.</subfield>
    </datafield>
    <datafield tag="100" ind1="1" ind2="#">
      <subfield code="a">SUSANTI, Desy Tri</subfield>
    </datafield>
    <datafield tag="250" ind1="#" ind2="#">
      <subfield code="a">1</subfield>
    </datafield>
    <datafield tag="300" ind1="#" ind2="#">
      <subfield code="a">23 halaman ; lampiran :</subfield>
      <subfield code="b">ilustrasi ;</subfield>
      <subfield code="c">30 cm</subfield>
    </datafield>
    <datafield tag="260" ind1="#" ind2="#">
      <subfield code="a">Samarinda :</subfield>
      <subfield code="b">Puslatbang KDOD,</subfield>
      <subfield code="c">2022</subfield>
    </datafield>
    <datafield tag="084" ind1="#" ind2="#">
      <subfield code="a">LATSAR 852 2022</subfield>
    </datafield>
    <datafield tag="650" ind1="#" ind2="4">
      <subfield code="a">Pelatihan Dasar</subfield>
    </datafield>
    <datafield tag="650" ind1="#" ind2="4">
      <subfield code="a">Laporan Aktualisasi</subfield>
    </datafield>
    <datafield tag="650" ind1="#" ind2="4">
      <subfield code="a">Prajabatan</subfield>
    </datafield>
    <datafield tag="650" ind1="#" ind2="4">
      <subfield code="a">teknologi informasi</subfield>
    </datafield>
    <datafield tag="650" ind1="#" ind2="4">
      <subfield code="a">sistem  infomasi</subfield>
    </datafield>
    <datafield tag="650" ind1="#" ind2="4">
      <subfield code="a">manajemen database</subfield>
    </datafield>
    <datafield tag="650" ind1="#" ind2="4">
      <subfield code="a">pemetaan kota</subfield>
    </datafield>
    <datafield tag="650" ind1="#" ind2="4">
      <subfield code="a">data bangunan</subfield>
    </datafield>
    <datafield tag="650" ind1="#" ind2="4">
      <subfield code="a">garis sungai</subfield>
    </datafield>
    <datafield tag="520" ind1="#" ind2="#">
      <subfield code="a">Laporan Aktualisasi Pelatihan Dasar ini menjelaskan masalah belum optimalnya pemanfaatan GIS dalam melakukan pemantauan dan evaluasi terkait bangunan yang melanggar Garis Sempadan Sungai (GSS), sehingga dibuat 4 kegiatan berdasarkan nilai BerAKHLAK (Berorientasi pelayanan, Akuntabel, Kompeten, Harmonis, Loyal, Adaptif, Kolaboratif), yaitu : menentukan lokasi wilayah studi untuk pemetaan, melakukan pembuatan basis data spasial bangunan yang melanggar GSS dengan menggunaan ArcGIS, menyajikan peta pelanggaran bangunan terhadap GSS secara online, dan melakukan evaluasi peta pelanggaran bangunan terhadap GSS. Kegiatan ini dilaksanakan dari tanggal 19 Mei 2022-29 Juli 2022.</subfield>
    </datafield>
    <datafield tag="500" ind1="#" ind2="#">
      <subfield code="a">Coach : Rokip Purnomo,S.E.&#13;
Penguji : Rustan A.,SP.,MA.,M.SE&#13;
Mentor : Robysai Manassa Mallisa,S.Hut.M.Si</subfield>
    </datafield>
    <controlfield tag="008">220929################|##########|#|##</controlfield>
    <datafield tag="990" ind1="#" ind2="#">
      <subfield code="a">LATSAR/852/2022</subfield>
    </datafield>
  </record>
</collection>
